ECONOMETRIC MODELING AND INFERENCE (Record no. 21332)

MARC details
000 -LEADER
fixed length control field 00369nam a2200133Ia 4500
008 - FIXED-LENGTH DATA ELEMENTS--GENERAL INFORMATION
fixed length control field 240624s9999 xx 000 0 und d
041 ## - LANGUAGE CODE
Language code of text/sound track or separate title eng
082 ## - DEWEY DECIMAL CLASSIFICATION NUMBER
Classification number 330.015195 FLO
100 ## - MAIN ENTRY--PERSONAL NAME
Personal name FLORENS JEAN PIERRE
245 ## - TITLE STATEMENT
Title ECONOMETRIC MODELING AND INFERENCE
260 ## - PUBLICATION, DISTRIBUTION, ETC.
Date of publication, distribution, etc. 2007
Place of publication, distribution, etc. New York
Name of publisher, distributor, etc. Cambridge University Press
300 ## - PHYSICAL DESCRIPTION
Extent xxi, : 496 : p. : cm. ; 23
365 ## - TRADE PRICE
Currency code
Price amount 28
Holdings
Withdrawn status Lost status Damaged status Not for loan Home library Current library Shelving location Date acquired Source of acquisition Cost, normal purchase price Full call number Barcode Date last seen Copy number Price effective from Koha item type
        IMTN IMTN Rack 7-A 05/29/2013 TB 53.00 330.015195 FLO 21332 06/24/2024 57.3 06/24/2024 Books
Designed & Maintained by: LRC IMT Nagpur Contact: lrc@imtnag.ac.in© 2024. All Rights Reserved.